000 01070cam a22003253a 4500
001 14518
003 PGUSA
005 20140828083318.0
008 041229s2004||||xxu|||||s|||||000 | eng d
040 _aPGUSA
_beng
042 _adc
050 4 _aDA
245 1 0 _aHandbook of Home Rule :
_bBeing Articles on the Irish Question
_h[electronic resource]
260 _bProject Gutenberg,
_c2004
506 _aPublic domain in the USA.
516 _aElectronic text
653 _aIrish question
653 _aIreland -- Politics and government -- 1837-1901
653 _aHome rule -- Ireland
700 1 _aThring, Henry Thring, Baron,
_d1818-1907
700 1 _aGladstone, W. E.
_q(William Ewart),
_d1809-1898
700 1 _aMacColl, Malcolm,
_d1831-1907
700 1 _aO'Brien, R. Barry
_q(Richard Barry),
_d1847-1918
700 1 _aGodkin, Edwin Lawrence,
_d1831-1902
700 1 _aJames Bryce, Viscount,
_d1838-1922
700 1 _aMorley, John,
_d1838-1923
830 0 _aProject Gutenberg
_v14518
856 4 0 _uhttp://www.gutenberg.org/ebooks/14518
942 _cEB
999 _c243773
_d243773